00310nam a22001097a 4500003000400000020001800004082001400022100004600036245005800082260005200140300000800192SGT a9789353222352 a820bJ19M aमल्होत्रा, ममता aजयप्रकाश : तुम लौट आओ bप्रभात प्रकाशन c2019 a184